[Event "European Youth Chess Championship B14"]
[Site "Prague, Top Hotel Prague"]
[Date "2016.08.26"]
[Round "8.43"]
[White "Maache, Jawad"]
[Black "Gherghel-Butan, Mircea"]
[Result "1/2-1/2"]
[WhiteElo "2090"]
[BlackElo "1892"]
[PlyCount "94"]
[EventDate "2016.08.18"]

1. d4 d5 2. c4 c6 3. cxd5 cxd5 4. Nf3 Nc6 5. Nc3 Nf6 6. Bf4 Bf5 7. e3 e6 8. Rc1
Bb4 9. Bd3 Bxd3 10. Qxd3 O-O 11. O-O Bxc3 12. Qxc3 Rc8 13. Qd3 Ne4 14. Rfd1 Qb6
15. Qb1 Rfd8 16. Nd2 Nxd2 17. Rxd2 Ne7 18. Rdc2 Rxc2 19. Qxc2 Nc6 20. h3 f6 21.
Qc3 Rc8 22. Qa3 Ne7 23. Rxc8+ Nxc8 24. Qa4 Qc6 25. Qxc6 bxc6 26. Bb8 Kf7 27.
Kf1 Ke7 28. Ke2 a6 29. Kd3 Nb6 30. Kc3 Nd7 31. Bc7 c5 32. f4 g5 33. g3 gxf4 34.
gxf4 Kf7 35. dxc5 Nxc5 36. b4 Ne4+ 37. Kd4 Ke7 38. f5 Kd7 39. Bb8 e5+ 40. Kxd5
Nc3+ 41. Kc4 Nxa2 42. Ba7 Nc1 43. e4 Ne2 44. Bf2 Nf4 45. h4 Kc6 46. Bc5 Nh5 47.
Bf2 Nf4 1/2-1/2

[Event "European Youth Chess Championship B14"]
[Site "Prague, Top Hotel Prague"]
[Date "2016.08.26"]
[Round "8.44"]
[White "Martins, Bruno Andre Leite"]
[Black "Lisnyak, Vladislav"]
[Result "0-1"]
[WhiteElo "1878"]
[BlackElo "2075"]
[PlyCount "99"]
[EventDate "2016.08.18"]

1. e4 c5 2. Nf3 e6 3. Nc3 Nc6 4. d4 cxd4 5. Nxd4 Nf6 6. Ndb5 Bb4 7. a3 Bxc3+ 8.
Nxc3 d5 9. Bd3 O-O 10. O-O d4 11. Ne2 e5 12. h3 h6 13. f4 Nh5 14. f5 Nf6 15.
Qe1 Nd7 16. Kh2 Re8 17. Bd2 b6 18. g4 f6 19. Rg1 Nc5 20. h4 Nxd3 21. cxd3 Kf7
22. Qg3 Ba6 23. g5 hxg5 24. hxg5 Rg8 25. Kg2 Ke7 26. b4 Kd7 27. a4 b5 28. a5
Qe7 29. Rab1 Rac8 30. Kf2 Bb7 31. gxf6 gxf6 32. Qxg8 Rxg8 33. Rxg8 Qf7 34. Rbg1
Qa2 35. R1g7+ Ne7 36. Ke1 Qb1+ 37. Nc1 Bxe4 38. dxe4 Qxe4+ 39. Kd1 Qxf5 40. Rf8
Ke6 41. Re8 Qh5+ 42. Kc2 Qxe8 43. Nb3 Kd5 44. Nc5 Kc4 45. Ne4 Qc6 46. Nc5 Nd5
47. Nd3 Ne3+ 48. Bxe3 dxe3 49. Rg4+ e4 50. Nc5 0-1

[Event "European Youth Chess Championship B14"]
[Site "Prague, Top Hotel Prague"]
[Date "2016.08.26"]
[Round "8.45"]
[White "Slobodiansky, Steven"]
[Black "Georgakopoulos, Nikolaos K"]
[Result "1/2-1/2"]
[WhiteElo "1891"]
[BlackElo "2059"]
[PlyCount "132"]
[EventDate "2016.08.18"]

1. e4 c5 2. Nf3 Nc6 3. d4 cxd4 4. Nxd4 Nf6 5. Nc3 e5 6. Ndb5 d6 7. Bg5 a6 8.
Bxf6 gxf6 9. Na3 b5 10. Nd5 Bg7 11. g3 f5 12. Bg2 fxe4 13. Bxe4 Be6 14. Qh5 Rc8
15. O-O-O Nd4 16. Kb1 b4 17. Nxb4 d5 18. Rxd4 exd4 19. Bxd5 O-O 20. Bxe6 fxe6
21. f4 Qb6 22. Nd3 Rf5 23. Qe2 Bf8 24. Ka1 Bxa3 25. bxa3 Rb8 26. Re1 Rb5 27.
Nb4 a5 28. Qc4 Kf7 29. Qc6 Rb7 30. Qxb6 R5xb6 31. Nd3 Rc7 32. Rb1 Rd6 33. Ne5+
Kg7 34. Rb2 Rd5 35. Kb1 Rdc5 36. Nd3 Rc3 37. a4 h5 38. h3 R7c4 39. g4 hxg4 40.
hxg4 Rxa4 41. Rb7+ Kf8 42. Ne5 Rg3 43. f5 exf5 44. gxf5 Rg7 45. Ng6+ Rxg6 46.
fxg6 Rc4 47. Rb5 Kg7 48. Rxa5 Kxg6 49. Ra8 Kf5 50. a4 Ke4 51. a5 Ke3 52. a6 Kd2
53. a7 Ra4 54. Kb2 Ra6 55. Kb3 Ra1 56. Kc4 Ra4+ 57. Kb5 Ra1 58. Kc6 Ra4 59. Kd5
Kxc2 60. Rc8+ Kb2 61. a8=Q Rxa8 62. Rxa8 d3 63. Rb8+ Kc2 64. Rc8+ Kb2 65. Ke4
d2 66. Rd8 Kc1 1/2-1/2

[Event "European Youth Chess Championship B14"]
[Site "Prague, Top Hotel Prague"]
[Date "2016.08.26"]
[Round "8.46"]
[White "Stinka, Jakub"]
[Black "Martirosyan, Ara"]
[Result "0-1"]
[WhiteElo "2034"]
[BlackElo "1839"]
[PlyCount "98"]
[EventDate "2016.08.18"]

1. e4 c5 2. Nf3 Nc6 3. d4 cxd4 4. Nxd4 g6 5. Nc3 Bg7 6. Be2 Nxd4 7. Be3 Nxe2 8.
Nxe2 d6 9. O-O Nf6 10. f3 O-O 11. c3 Bd7 12. Nd4 Rc8 13. a4 b6 14. Qd2 Qc7 15.
Kh1 Qb7 16. Qe2 e5 17. Nc2 d5 18. exd5 Nxd5 19. Rad1 Bxa4 20. Rd2 Bxc2 21. Rxc2
Nxe3 22. Qxe3 Rcd8 23. Re2 Rd7 24. Rc2 Rfd8 25. g3 Rd3 26. Qe2 Qd5 27. Rf2 Bh6
28. Kg2 Be3 29. Rf1 Rd2 30. Rxd2 Qxd2 31. Qxd2 Rxd2+ 32. Kh1 Rxb2 33. Rd1 Bd2
34. c4 a5 35. Ra1 Rc2 36. Ra4 Bb4 37. Ra1 Rxc4 38. Ra2 b5 39. Kg2 a4 40. h4 a3
41. g4 Bc5 42. Kg3 b4 43. h5 b3 44. Rd2 Bd4 45. Rd3 Rc3 46. Rd1 b2 47. hxg6
hxg6 48. Rh1 Rc1 49. Rh2 b1=Q 0-1

[Event "European Youth Chess Championship B14"]
[Site "Prague, Top Hotel Prague"]
[Date "2016.08.26"]
[Round "8.47"]
[White "Mladek, Richard"]
[Black "Nagy, Ladislav"]
[Result "1-0"]
[WhiteElo "2015"]
[BlackElo "1872"]
[PlyCount "135"]
[EventDate "2016.08.18"]

1. e4 c5 2. Nf3 d6 3. d4 cxd4 4. Qxd4 Bd7 5. Be3 Nc6 6. Qd2 g6 7. Nc3 Bg7 8.
O-O-O Nf6 9. h3 O-O 10. Kb1 Qa5 11. Nd4 Rfc8 12. Nb3 Qd8 13. g4 a6 14. g5 Ne8
15. Nd5 Rab8 16. Bb6 Nc7 17. f4 Be6 18. Nxc7 Rxc7 19. Nc5 dxc5 20. Qxd8+ Rxd8
21. Rxd8+ Nxd8 22. Bxc7 Nc6 23. Bg2 Bd4 24. c3 Be3 25. Rd1 Kg7 26. b3 h6 27.
gxh6+ Kxh6 28. Kc2 Kh5 29. Kd3 Bf2 30. Ke2 Bg3 31. Kf3 Kh4 32. Bd8 g5 33. f5
Bc8 34. Bxe7 Nxe7 35. Rd8 Be5 36. Re8 Bxf5 37. Rxe7 Be6 38. Rxb7 Bxc3 39. Rb6
a5 40. Rc6 Bd4 41. Bf1 Kh5 42. Bc4 Bxc4 43. bxc4 f6 44. Rc8 Kg6 45. Rb8 Kh5 46.
Rc8 Kg6 47. Kg4 Be3 48. Rc7 Bf2 49. Rb7 Be1 50. a3 Bc3 51. Rb5 Kf7 52. Kf5 Ke7
53. Rxc5 Kd7 54. a4 Kd6 55. Rd5+ Kc6 56. e5 Bxe5 57. Rxe5 fxe5 58. Kxe5 Kc5 59.
Kf5 Kb4 60. Kxg5 Kxa4 61. h4 Kb4 62. h5 Kxc4 63. h6 Kb3 64. h7 Ka2 65. h8=Q a4
66. Qg8+ Kb2 67. Qg7+ Ka2 68. Qc3 1-0

[Event "European Youth Chess Championship B14"]
[Site "Prague, Top Hotel Prague"]
[Date "2016.08.26"]
[Round "8.48"]
[White "Akulov, Lev"]
[Black "Veiga, Jose Francisco R P N"]
[Result "0-1"]
[WhiteElo "1862"]
[BlackElo "2001"]
[PlyCount "68"]
[EventDate "2016.08.18"]

1. e4 c5 2. Nf3 Nc6 3. d4 cxd4 4. Nxd4 g6 5. Nc3 Bg7 6. Be3 Nf6 7. Nxc6 bxc6 8.
e5 Ng8 9. f4 d5 10. Be2 Nh6 11. O-O Nf5 12. Bf2 O-O 13. g4 Nh6 14. Bf3 Qa5 15.
a3 Rb8 16. b4 Qc7 17. Bd4 f6 18. exf6 Bxf6 19. Bxf6 exf6 20. h3 Ba6 21. Be2
Qb6+ 22. Kg2 Bxe2 23. Qxe2 Rfe8 24. Qf2 f5 25. Kf3 d4 26. Nd1 c5 27. c3 fxg4+
28. hxg4 Qe6 29. Qh2 c4 30. Nf2 Qd5+ 31. Kg3 Re3+ 32. Kh4 Qd8+ 33. g5 Nf5+ 34.
Kg4 Rg3+ 0-1

[Event "European Youth Chess Championship B14"]
[Site "Prague, Top Hotel Prague"]
[Date "2016.08.26"]
[Round "8.49"]
[White "Mavrev, David"]
[Black "Orfini, Nicolo`"]
[Result "1-0"]
[WhiteElo "1854"]
[BlackElo "1996"]
[PlyCount "69"]
[EventDate "2016.08.18"]

1. e4 d6 2. d4 Nf6 3. Nc3 g6 4. h3 Bg7 5. Be3 Nbd7 6. f4 O-O 7. Nf3 c5 8. Bd3
a6 9. e5 Ne8 10. Qd2 Nc7 11. O-O-O cxd4 12. Bxd4 Ne6 13. Be4 Nxd4 14. Qxd4 Nc5
15. Bd5 Qa5 16. Nd2 e6 17. Nc4 Qc7 18. Bf3 dxe5 19. fxe5 Nd7 20. Rhe1 Rb8 21.
Nd6 Rd8 22. a4 Bf8 23. Nce4 b5 24. axb5 axb5 25. Re3 Bh6 26. Kb1 Bxe3 27. Qxe3
Kg7 28. Qf4 Nb6 29. Ng5 Rxd6 30. exd6 Qd7 31. h4 Bb7 32. Qd4+ f6 33. Qxb6 fxg5
34. Bxb7 Rxb7 35. Qxb7 1-0

[Event "European Youth Chess Championship B14"]
[Site "Prague, Top Hotel Prague"]
[Date "2016.08.26"]
[Round "8.50"]
[White "Kuznecovs, Nikita"]
[Black "Nilsen, Tobias Lang"]
[Result "1/2-1/2"]
[WhiteElo "1809"]
[BlackElo "1987"]
[PlyCount "103"]
[EventDate "2016.08.18"]

1. Nf3 d5 2. c4 e6 3. g3 Nf6 4. Bg2 Be7 5. O-O O-O 6. b3 b6 7. Bb2 Bb7 8. d3 c5
9. cxd5 exd5 10. Nbd2 Nc6 11. Rc1 Rc8 12. d4 Re8 13. Re1 cxd4 14. Nxd4 Bc5 15.
N2f3 Ne4 16. a3 Nxd4 17. Nxd4 Qf6 18. Bf3 Bxd4 19. Qxd4 Qxd4 20. Bxd4 Nd2 21.
Bg4 Rxc1 22. Rxc1 Nxb3 23. Rc7 Nxd4 24. Rxb7 f5 25. Bh5 g6 26. e3 gxh5 27. exd4
Re4 28. Rxa7 Rxd4 29. Rb7 Rd3 30. a4 Rd4 31. Rxb6 Rxa4 32. Rd6 Rd4 33. Kf1 Kg7
34. Ke2 h4 35. Ke3 Re4+ 36. Kd3 hxg3 37. hxg3 Ra4 38. Rxd5 Kg6 39. Rd4 Ra3+ 40.
Ke2 Ra6 41. Kf3 Kg5 42. Rh4 Ra3+ 43. Kg2 Kg6 44. Rd4 Ra6 45. Kf3 Kg5 46. Rd7
Ra3+ 47. Kg2 Kg6 48. Rd6+ Kg7 49. Re6 Kf7 50. Rd6 Kg7 51. f4 Ra1 52. Rc6
1/2-1/2

[Event "European Youth Chess Championship B14"]
[Site "Prague, Top Hotel Prague"]
[Date "2016.08.26"]
[Round "8.51"]
[White "Buitron, Ramil David"]
[Black "Polansky, Adam Lubos"]
[Result "1-0"]
[WhiteElo "1949"]
[BlackElo "1773"]
[PlyCount "47"]
[EventDate "2016.08.18"]

1. e4 c6 2. d4 d5 3. Nc3 dxe4 4. Nxe4 Nd7 5. Qe2 e6 6. Nf3 Ngf6 7. Bg5 Be7 8.
O-O-O h6 9. Nxf6+ Nxf6 10. Bd2 Qc7 11. Ne5 b6 12. g4 Bb7 13. Bg2 Bd6 14. f4
O-O-O 15. Qf3 Bxe5 16. fxe5 Nh7 17. Bb4 Ng5 18. Qe3 Qd7 19. h4 Nh7 20. Bd6 f6
21. Qa3 Ba8 22. Rh3 Rhe8 23. Rc3 Nf8 24. Qa6+ 1-0

[Event "European Youth Chess Championship B14"]
[Site "Prague, Top Hotel Prague"]
[Date "2016.08.26"]
[Round "8.52"]
[White "Isfan, Ioan-Marius"]
[Black "Mao, Ximan"]
[Result "1-0"]
[WhiteElo "2011"]
[BlackElo "1731"]
[PlyCount "77"]
[EventDate "2016.08.18"]

1. d4 Nf6 2. Bg5 Ne4 3. Bf4 c5 4. e3 e6 5. Bd3 Nf6 6. c3 d5 7. Nf3 Bd6 8. Bxd6
Qxd6 9. Ne5 Nc6 10. f4 O-O 11. O-O Ne7 12. Nd2 Nf5 13. Qf3 Nd7 14. g4 Ne7 15.
Qh3 g6 16. Qh6 Kh8 17. Ndf3 Ng8 18. Qh4 Kg7 19. Nxd7 Bxd7 20. Ne5 f6 21. Nxd7
Qxd7 22. g5 f5 23. Qf2 Rf7 24. Qc2 Rc8 25. Kg2 h6 26. h4 h5 27. Qd2 Ne7 28. Kf3
Rc7 29. Rfb1 Nc8 30. dxc5 Qc6 31. b4 d4+ 32. Kg3 dxe3 33. Qxe3 Ne7 34. c4 Rf8
35. Bf1 Rd8 36. Bg2 Qd7 37. Rd1 Qxd1 38. Rxd1 Rxd1 39. Qe5+ 1-0

[Event "European Youth Chess Championship B14"]
[Site "Prague, Top Hotel Prague"]
[Date "2016.08.26"]
[Round "8.53"]
[White "Pavlik, Vladimir"]
[Black "Haase, Pavel"]
[Result "1/2-1/2"]
[WhiteElo "1749"]
[BlackElo "2012"]
[PlyCount "87"]
[EventDate "2016.08.18"]

1. e4 c5 2. c3 d5 3. exd5 Qxd5 4. d4 cxd4 5. cxd4 Nc6 6. Nf3 Bg4 7. Be2 e6 8.
Nc3 Qd7 9. Be3 Nf6 10. O-O Bd6 11. Qb3 O-O 12. Rfd1 Na5 13. Qb5 Qxb5 14. Nxb5
Bb8 15. Nc3 Rd8 16. Rac1 Nc6 17. a3 Bd6 18. h3 Bh5 19. g4 Bg6 20. Nh4 Ne7 21.
Nxg6 Nxg6 22. Bf3 Rab8 23. d5 exd5 24. Bxa7 Rbc8 25. Bb6 Re8 26. Nxd5 Nxd5 27.
Rxc8 Rxc8 28. Bxd5 Be5 29. Bxb7 Rb8 30. Rd8+ Rxd8 31. Bxd8 Bxb2 32. a4 Bd4 33.
a5 Ne5 34. Bc7 Nd3 35. Bg3 Kf8 36. Kf1 Ke7 37. Ke2 Ne5 38. a6 Kd6 39. f4 Nc6
40. f5+ Ne5 41. Kd2 f6 42. Kc2 Kc7 43. h4 h6 44. h5 1/2-1/2

[Event "European Youth Chess Championship B14"]
[Site "Prague, Top Hotel Prague"]
[Date "2016.08.26"]
[Round "8.54"]
[White "Kreutzmann, Duke"]
[Black "Dobrin, Ionut-Alexandru"]
[Result "1-0"]
[WhiteElo "1975"]
[BlackElo "1829"]
[PlyCount "93"]
[EventDate "2016.08.18"]

1. d4 Nf6 2. Nf3 e6 3. Bf4 d5 4. e3 c5 5. c3 Nc6 6. Nbd2 cxd4 7. exd4 Bd6 8.
Bg3 Bxg3 9. hxg3 O-O 10. Bd3 Qc7 11. O-O b6 12. Re1 Bb7 13. a4 Rfe8 14. Bb5 a6
15. Bxc6 Bxc6 16. Ne5 Rad8 17. g4 Nd7 18. Nd3 Bb7 19. Nf3 Re7 20. g5 Rde8 21.
Nfe5 f6 22. gxf6 gxf6 23. Ng4 e5 24. Nh6+ Kh8 25. Nf5 Rf7 26. Qh5 Ref8 27. Re3
e4 28. Ne1 Nb8 29. Nc2 Qd7 30. Rg3 Nc6 31. Nce3 Bc8 32. Ra2 Qe6 33. Ra1 Qd7 34.
Kf1 Qe6 35. Ra2 Qd7 36. Ke1 Qe6 37. Kf1 Qd7 38. Kg1 Qe6 39. Kh1 Qd7 40. Ra1 Qe6
41. Kh2 Rd8 42. Rh1 Ne7 43. Kg1 Nxf5 44. Nxf5 Rdf8 45. Ng7 Rxg7 46. Rxg7 Qf5
47. Qxh7+ 1-0

[Event "European Youth Chess Championship B14"]
[Site "Prague, Top Hotel Prague"]
[Date "2016.08.26"]
[Round "8.55"]
[White "Mahmutbegovic, Muharem"]
[Black "Nemec, David"]
[Result "1-0"]
[WhiteElo "1966"]
[BlackElo "1721"]
[PlyCount "67"]
[EventDate "2016.08.18"]

1. e4 d6 2. d4 Nf6 3. Nc3 Nbd7 4. Be3 e5 5. d5 c6 6. Be2 Be7 7. Qd2 O-O 8. f4
Nb6 9. Nf3 Ng4 10. Bg1 Qc7 11. O-O-O exf4 12. h3 Ne3 13. Bxe3 fxe3 14. Qxe3 Nd7
15. Qd2 Rd8 16. Rhf1 a6 17. g4 c5 18. Ng5 Ne5 19. Nf3 Nd7 20. g5 b5 21. Qf4 f6
22. gxf6 Bxf6 23. Nh4 Ne5 24. Rg1 Qe7 25. Nf5 Bxf5 26. Qxf5 Kh8 27. Kb1 Nc4 28.
Bxc4 bxc4 29. Qf1 Bxc3 30. bxc3 Rab8+ 31. Ka1 Qxe4 32. Qf7 Rg8 33. Rb1 Qe3 34.
Qxg7+ 1-0

[Event "European Youth Chess Championship B14"]
[Site "Prague, Top Hotel Prague"]
[Date "2016.08.26"]
[Round "8.56"]
[White "Kopec, Ladislav"]
[Black "Huynh, Laurent"]
[Result "0-1"]
[WhiteElo "1697"]
[BlackElo "1934"]
[PlyCount "76"]
[EventDate "2016.08.18"]

1. e4 c5 2. Nf3 d6 3. d4 cxd4 4. Nxd4 Nf6 5. Nc3 g6 6. Be3 Bg7 7. f3 O-O 8. Qd2
Nc6 9. Bc4 Nd7 10. O-O-O Nb6 11. Bb3 Na5 12. Qe2 a6 13. Kb1 e5 14. Ndb5 axb5
15. Nxb5 Bd7 16. Nxd6 Nxb3 17. cxb3 Rb8 18. Rd2 Nc8 19. Rhd1 Qc7 20. Rc2 Bc6
21. Bc5 Rd8 22. Nc4 Rxd1+ 23. Qxd1 Bf8 24. Be3 Ra8 25. Rd2 b5 26. Na3 Qa5 27.
Rd8 Ne7 28. Rxa8 Bxa8 29. g4 Nc6 30. Nc2 b4 31. Qd7 Qa6 32. Qd1 Bb7 33. g5 Bc8
34. Bf2 Bh3 35. Ne3 Be7 36. Qg1 Qd3+ 37. Kc1 Nd4 38. Qe1 Ne2+ 0-1

[Event "European Youth Chess Championship B14"]
[Site "Prague, Top Hotel Prague"]
[Date "2016.08.26"]
[Round "8.57"]
[White "Kirilov, Ivaylo"]
[Black "Stage-Steffensen, Sander"]
[Result "0-1"]
[WhiteElo "1911"]
[BlackElo "1688"]
[PlyCount "116"]
[EventDate "2016.08.18"]

1. e4 d6 2. d4 Nf6 3. f3 e5 4. d5 c6 5. Nc3 Qc7 6. Be3 Be7 7. Qd2 Bd7 8. O-O-O
c5 9. g4 a6 10. h4 b5 11. h5 b4 12. Nce2 a5 13. g5 Ng8 14. Bh3 a4 15. Bxd7+
Nxd7 16. Ng3 g6 17. hxg6 fxg6 18. f4 exf4 19. Bxf4 Ra6 20. Nf3 Bf8 21. Rde1 Ne5
22. Bxe5 dxe5 23. Qe2 Ra5 24. Nf1 c4 25. Ne3 Rc5 26. Qh2 Bd6 27. Kb1 c3 28. b3
axb3 29. cxb3 Ne7 30. Rc1 Nc8 31. Ng4 Na7 32. Ne1 Ra5 33. Nf6+ Kd8 34. Rc2 Nb5
35. Kc1 Nd4 36. Qg2 Nxb3+ 37. Kd1 Nd4 38. Rc1 Qc4 39. Rh2 b3 40. axb3 Nxb3 41.
Qh3 Qd4+ 42. Nd3 Nc5 43. Rcc2 Qxd3+ 44. Qxd3 Nxd3 45. Ra2 Nb2+ 46. Rhxb2 cxb2
47. Rxb2 h6 48. Rb6 Bc7 49. Rc6 Ra4 50. Kc2 hxg5 51. d6 Bxd6 52. Rxd6+ Ke7 53.
Rb6 Ra3 54. Nd5+ Kd7 55. Rb7+ Kd6 56. Rb6+ Kc5 57. Kb2 Rg3 58. Ka2 Rh2+ 0-1

[Event "European Youth Chess Championship B14"]
[Site "Prague, Top Hotel Prague"]
[Date "2016.08.26"]
[Round "8.58"]
[White "Berera, Siddharth"]
[Black "Sjoberg, Isak"]
[Result "0-1"]
[WhiteElo "1676"]
[BlackElo "1893"]
[PlyCount "86"]
[EventDate "2016.08.18"]

1. e4 e5 2. Nf3 Nc6 3. Bc4 Nf6 4. d3 Be7 5. O-O O-O 6. Bb3 d6 7. c3 Kh8 8. Re1
Nh5 9. d4 f5 10. dxe5 fxe4 11. exd6 cxd6 12. Rxe4 Bf5 13. Re1 Bg4 14. Nbd2 Ne5
15. Bd5 Nf4 16. Bxb7 Rb8 17. h3 Bh5 18. Ba6 Nxh3+ 19. gxh3 Bxf3 20. Be2 Bxe2
21. Qxe2 Bh4 22. Rf1 Qg5+ 23. Kh2 Qf4+ 24. Kg2 d5 25. Nb3 Qf5 26. Nd4 Qg6+ 27.
Kh2 Rbe8 28. Be3 Qd6 29. Kh1 Qd7 30. Kh2 Ng6 31. Qg4 Qd6+ 32. Kh1 Re4 33. Qh5
Qd7 34. Kh2 Re5 35. Qg4 Qd6 36. Kh1 Re4 37. Qh5 Ne5 38. Nf5 Qd7 39. f3 g6 40.
Nxh4 gxh5 41. fxe4 Qxh3+ 42. Kg1 Qxe3+ 43. Kh2 Ng4+ 0-1

[Event "European Youth Chess Championship B14"]
[Site "Prague, Top Hotel Prague"]
[Date "2016.08.26"]
[Round "8.59"]
[White "Balashov, Egor"]
[Black "Van, Malder Dries"]
[Result "1/2-1/2"]
[WhiteElo "1624"]
[BlackElo "1883"]
[PlyCount "62"]
[EventDate "2016.08.18"]

1. d4 Nf6 2. Nf3 e6 3. e3 c5 4. Bd3 d5 5. b3 b6 6. O-O Bb7 7. Bb2 Nbd7 8. Ne5
Bd6 9. Nd2 O-O 10. f4 Rc8 11. Ndf3 Ne4 12. c4 Ndf6 13. cxd5 exd5 14. Rc1 Qe7
15. Nh4 Qe6 16. h3 a6 17. a4 Rfd8 18. g4 Nd7 19. Nf5 Bf8 20. Kh2 f6 21. Nf3 Nd6
22. Nxd6 Bxd6 23. Qe2 Re8 24. Rce1 c4 25. Bf5 Qe7 26. Qd1 c3 27. Bc1 b5 28. Kh1
g6 29. Bd3 bxa4 30. bxa4 Nb6 31. Qb3 Qc7 1/2-1/2

[Event "European Youth Chess Championship B14"]
[Site "Prague, Top Hotel Prague"]
[Date "2016.08.26"]
[Round "8.60"]
[White "Maziukas, Kasparas"]
[Black "Alivodic, Dario"]
[Result "0-1"]
[WhiteElo "1596"]
[BlackElo "1834"]
[PlyCount "138"]
[EventDate "2016.08.18"]

1. d4 e6 2. c4 d5 3. Nf3 c6 4. g3 Nf6 5. Bg2 Be7 6. O-O O-O 7. b3 Nbd7 8. Bb2
Ne4 9. Nfd2 f5 10. f3 Nxd2 11. Nxd2 f4 12. gxf4 Rxf4 13. e3 Rh4 14. f4 Nf6 15.
Nf3 Rh6 16. Rc1 Bd7 17. Rc2 Be8 18. Ne5 Bh5 19. Bf3 Bxf3 20. Qxf3 Ne4 21. Rg2
Bd6 22. Kh1 Bxe5 23. fxe5 Qe7 24. Ba3 Qe8 25. Qg4 Rg6 26. Qf3 Rxg2 27. Qxg2 Qg6
28. Qxg6 hxg6 29. Kg2 dxc4 30. bxc4 Rd8 31. Rd1 b6 32. Kf3 Nc3 33. Rd2 c5 34.
Rc2 Rf8+ 35. Kg4 Ne4 36. d5 exd5 37. cxd5 Rf5 38. Bb2 Nf2+ 39. Kg3 Nd3 40. d6
Nxe5 41. e4 Rg5+ 42. Kf4 Nf7 43. d7 Rg1 44. e5 Nd8 45. e6 Nxe6+ 46. Ke5 Kf7 47.
Kd6 Rd1+ 48. Kc6 Ke7 49. Rg2 Rd6+ 50. Kb5 Nc7+ 51. Kc4 Kxd7 52. Bxg7 Kc6 53.
Kb3 b5 54. a4 a6 55. axb5+ axb5 56. Rg5 c4+ 57. Kc2 Ne6 58. Rxg6 Nd4+ 59. Bxd4
Rxg6 60. h4 b4 61. Kb2 Kd5 62. Be3 Rg2+ 63. Kb1 Rh2 64. Bg5 c3 65. Bf6 Kc4 66.
h5 Kb3 67. Bg5 Rh1+ 68. Bc1 c2+ 69. Ka1 Rxc1# 0-1

[Event "European Youth Chess Championship B14"]
[Site "Prague, Top Hotel Prague"]
[Date "2016.08.26"]
[Round "8.62"]
[White "Lavorgna, Francesco"]
[Black "Petrovic, Lazar"]
[Result "1-0"]
[WhiteElo "1887"]
[BlackElo "1650"]
[PlyCount "73"]
[EventDate "2016.08.18"]

1. c4 Nf6 2. Nf3 e6 3. g3 Be7 4. Bg2 O-O 5. O-O d5 6. b3 c6 7. Bb2 Nbd7 8. d3
b5 9. Nbd2 Ba6 10. Qc2 Rc8 11. e4 bxc4 12. dxc4 Nb6 13. Rfd1 Qc7 14. Be5 Qb7
15. exd5 cxd5 16. Ng5 Nbd7 17. Bc3 h6 18. Ngf3 Qc7 19. Nd4 e5 20. Nf5 Rfe8 21.
Nxe7+ Rxe7 22. Bb4 Ree8 23. Rac1 Qb6 24. a3 dxc4 25. Nxc4 Bxc4 26. bxc4 a5 27.
Bd6 Nc5 28. Rb1 Qa7 29. Rb5 Nfd7 30. Qd2 a4 31. Qe3 e4 32. Rd5 Rc6 33. Bxc5
Nxc5 34. Rdxc5 Ree6 35. Rxc6 Qxe3 36. fxe3 Rxc6 37. Rb8+ 1-0

[Event "European Youth Chess Championship B14"]
[Site "Prague, Top Hotel Prague"]
[Date "2016.08.26"]
[Round "8.63"]
[White "Lavorgna, Filippo"]
[Black "Jamalov, Adam"]
[Result "1/2-1/2"]
[WhiteElo "1849"]
[BlackElo "1597"]
[PlyCount "92"]
[EventDate "2016.08.18"]

1. c4 g6 2. g3 Bg7 3. Bg2 c6 4. e4 d6 5. d4 Qb6 6. Ne2 Bg4 7. f3 Be6 8. b3 c5
9. Be3 Na6 10. O-O Bd7 11. Nbc3 e5 12. dxe5 Bxe5 13. f4 Bg7 14. Qd3 Nb4 15. Qd2
Bg4 16. Rac1 Ne7 17. h3 Bxe2 18. Nxe2 Rd8 19. a3 Nbc6 20. b4 Nd4 21. Nxd4 cxd4
22. Bf2 O-O 23. Rfd1 Nc6 24. Qd3 Rfe8 25. Rb1 Rc8 26. b5 Na5 27. Rb4 d5 28.
exd5 Re3 29. Bxe3 dxe3 30. Kh2 Bf8 31. Ra4 Re8 32. Re1 Bc5 33. Re2 Qd8 34. Rb4
Qe7 35. Rb1 b6 36. a4 Nb7 37. Bf3 Nd6 38. Ra1 Qf6 39. Rd1 h5 40. Rf1 h4 41. Bg2
hxg3+ 42. Kxg3 Nf5+ 43. Kh2 Qh4 44. Rf3 Bd6 45. Kg1 Bc5 46. Kh2 Bd6 1/2-1/2

[Event "European Youth Chess Championship B14"]
[Site "Prague, Top Hotel Prague"]
[Date "2016.08.26"]
[Round "8.64"]
[White "Ocko, Dominik"]
[Black "Balin, Daniel"]
[Result "1/2-1/2"]
[WhiteElo "1784"]
[BlackElo "1567"]
[PlyCount "86"]
[EventDate "2016.08.18"]

1. d4 Nf6 2. Nf3 e6 3. Bg5 c5 4. e3 b6 5. d5 exd5 6. Nc3 Bb7 7. Bxf6 Qxf6 8.
Nxd5 Qd6 9. c4 Nc6 10. Be2 Be7 11. O-O O-O 12. Qc2 Qh6 13. Qf5 Rad8 14. Rad1
Bd6 15. h3 Ne7 16. Nxe7+ Bxe7 17. Nh2 Qe6 18. Qxe6 dxe6 19. Bf3 Bxf3 20. Nxf3
Bf6 21. b3 Bc3 22. Kh2 h6 23. Kg1 e5 24. e4 Bd4 25. Nxd4 exd4 26. Rd3 Rfe8 27.
f3 Re5 28. Kf2 f5 29. exf5 Rde8 30. Rd2 Rxf5 31. Re2 Rxe2+ 32. Kxe2 Re5+ 33.
Kd2 Kf7 34. Re1 Kf6 35. h4 Rxe1 36. Kxe1 Kf5 37. g3 g5 38. hxg5 hxg5 39. Kd2 g4
40. f4 Ke4 41. Ke2 a6 42. a4 a5 43. Kd2 Kf5 1/2-1/2

[Event "European Youth Chess Championship B14"]
[Site "Prague, Top Hotel Prague"]
[Date "2016.08.26"]
[Round "8.65"]
[White "Marko, Pirro"]
[Black "Matis, Tibor"]
[Result "0-1"]
[WhiteElo "1441"]
[BlackElo "1709"]
[PlyCount "70"]
[EventDate "2016.08.18"]

1. e4 c5 2. Nf3 Nc6 3. d4 cxd4 4. Nxd4 e6 5. a3 a6 6. Nc3 Nf6 7. Be3 Be7 8. Be2
O-O 9. O-O Qc7 10. f4 d5 11. Bf3 dxe4 12. Nxe4 Nd5 13. Bf2 Nxd4 14. Bxd4 Nxf4
15. Qd2 e5 16. Qc3 Qxc3 17. Bxc3 f5 18. Ng3 e4 19. Be2 Nxe2+ 20. Nxe2 Bf6 21.
Rad1 Bxc3 22. Nxc3 Be6 23. Rfe1 Rad8 24. Rxd8 Rxd8 25. Rd1 Rxd1+ 26. Nxd1 Kf7
27. Kf2 Kf6 28. Nc3 Ke5 29. g3 g5 30. Nd1 f4 31. b3 e3+ 32. Ke1 Bg4 33. Nc3 f3
34. Kf1 Bh3+ 35. Ke1 f2+ 0-1

[Event "European Youth Chess Championship B14"]
[Site "Prague, Top Hotel Prague"]
[Date "2016.08.26"]
[Round "8.66"]
[White "Kriz, Tomas"]
[Black "Matus, Filip"]
[Result "0-1"]
[WhiteElo "1404"]
[BlackElo "1700"]
[PlyCount "56"]
[EventDate "2016.08.18"]

1. d4 d5 2. c4 e6 3. Nc3 Nf6 4. cxd5 exd5 5. Bf4 c6 6. e3 Be7 7. Bd3 Bg4 8.
Nge2 O-O 9. O-O Nbd7 10. Qd2 Nh5 11. Bg3 Nxg3 12. Nxg3 Nf6 13. h3 Be6 14. a3
Qd7 15. Rac1 Bd6 16. e4 Bxg3 17. fxg3 dxe4 18. Nxe4 Qxd4+ 19. Nf2 Rfd8 20. Rfd1
Qb6 21. Qc3 Rd7 22. b4 Rad8 23. Be2 Rxd1+ 24. Rxd1 Rxd1+ 25. Bxd1 Qxf2+ 26. Kh2
Bd5 27. Bf3 Bxf3 28. Qxf3 Qxf3 0-1

[Event "European Youth Chess Championship B14"]
[Site "Prague, Top Hotel Prague"]
[Date "2016.08.26"]
[Round "8.67"]
[White "Vorisek, Jakub"]
[Black "Cernicek, Matyas"]
[Result "1-0"]
[WhiteElo "1813"]
[BlackElo "1461"]
[PlyCount "69"]
[EventDate "2016.08.18"]

1. d4 d5 2. c4 e6 3. Nc3 Nf6 4. cxd5 exd5 5. Bg5 Be7 6. Qc2 c6 7. e3 O-O 8. Bd3
Nbd7 9. Nge2 Re8 10. O-O Nf8 11. f3 Kh8 12. Rad1 h6 13. Bh4 Be6 14. e4 Qb6 15.
e5 N6d7 16. Bxe7 Rxe7 17. f4 f6 18. f5 Bg8 19. e6 Nb8 20. Rf3 Na6 21. Na4 Qa5
22. Bxa6 Qxa6 23. Nc5 Qa5 24. Rb3 Rb8 25. Ra3 Qb6 26. Nf4 Bh7 27. g4 Qc7 28.
Qf2 a6 29. h4 Qd8 30. Rb3 Kg8 31. Rg3 Rc7 32. Nh3 g6 33. g5 gxf5 34. gxf6+ Kh8
35. e7 1-0